[Event "POL-chT U19 2nd League"]
[Site "Szczyrk"]
[Date "2014.07.30"]
[Round "8.73"]
[White "Nun, Grzegorz"]
[Black "Jajte Pachota, Maciej"]
[Result "1-0"]
[WhiteElo "1907"]
[BlackElo "1916"]
[PlyCount "91"]
[EventDate "2014.07.25"]
[EventType "team-swiss"]
[EventRounds "11"]
[EventCountry "POL"]
[SourceTitle "EXT 2015"]
[Source "ChessBase"]
[SourceDate "2014.11.20"]
[SourceVersion "1"]
[SourceVersionDate "2014.11.20"]
[SourceQuality "1"]
[WhiteTeam "Kozuchow Odrodzenie U19"]
[BlackTeam "Krakow KKSz U19 II"]
[WhiteTeamCountry "POL"]
[BlackTeamCountry "POL"]

1. e4 Nf6 2. Nc3 d6 3. d4 g6 4. f3 Bg7 5. Be3 Nc6 6. Qd2 e5 7. d5 Nd4 8. Nge2 Nxe2 9. Bxe2 0-0 10. 0-0-0 Nh5 11. g4 Nf4 12. h4 Ng2 13. g5 Nxe3 14. Qxe3 f5 15. exf5 Rxf5 16. Bd3 Rf4 17. Be4 Bd7 18. Ne2 Rf7 19. Kb1 Bf5 20. h5 Bxe4 21. fxe4 Qd7 22. Qg3 Qb5 23. Nc3 Qd7 24. hxg6 hxg6 25. Qh2 Rf3 26. Qh7+ Kf7 27. Rh6 Rg8 28. Rxg6 Rf4 29. Rf6+ Rxf6 30. gxf6 Kf8 31. fxg7+ Qxg7 32. Qxg7+ Rxg7 33. a3 Ke8 34. Rh1 c6 35. Rh8+ Kd7 36. Ra8 a6 37. dxc6+ Kxc6 38. Nd5 Kc5 39. Ka2 Kd4 40. Nc3 Rc7 41. Rh8 Rc6 42. Rh3 b5 43. Rd3+ Kc5 44. Nd5 b4 45. Nxb4 Rb6 46. b3 1-0

[Event "Krakow op-B 23rd"]
[Site "Krakow"]
[Date "2012.12.31"]
[Round "6"]
[White "Jajte Pachota, Maciej"]
[Black "Popiol, Michal"]
[Result "1-0"]
[WhiteElo "1835"]
[BlackElo "1859"]
[PlyCount "73"]
[EventDate "2012.12.27"]
[EventType "swiss"]
[EventRounds "9"]
[EventCountry "POL"]
[SourceTitle "CBM 152 Extra"]
[Source "ChessBase"]
[SourceDate "2013.02.25"]
[SourceVersion "1"]
[SourceVersionDate "2013.02.25"]
[SourceQuality "1"]

1. Nf3 Nf6 2. g3 g6 3. Bg2 Bg7 4. c4 0-0 5. 0-0 Nc6 6. d3 d6 7. Bd2 e5 8. Bc3 h6 9. d4 e4 10. Nfd2 d5 11. Na3 Be6 12. Nc2 Re8 13. cxd5 Bxd5 14. b4 Ne7 15. e3 Qd7 16. a4 g5 17. h3 Ng6 18. b5 h5 19. Nb4 h4 20. g4 Bf8 21. Nxd5 Nxd5 22. Qc2 f5 23. gxf5 Qxf5 24. Bxe4 Rxe4 25. Qxe4 Qf7 26. Rac1 Re8 27. Qg4 Bh6 28. Nf3 Qf6 29. Ne5 Nxc3 30. Rxc3 Nxe5 31. dxe5 Qxe5 32. Rfc1 Bf8 33. Rxc7 Bd6 34. Rc8 Kf7 35. Qh5+ Kg7 36. Rxe8 Qh2+ 37. Kf1 1-0

[Event "Klementowice Gr-A 3rd"]
[Site "Klementowice"]
[Date "2012.08.24"]
[Round "9.2"]
[White "Delekta, Filip"]
[Black "Jajte Pachota, Maciej"]
[Result "1-0"]
[WhiteElo "1848"]
[BlackElo "1807"]
[PlyCount "61"]
[EventDate "2012.08.17"]
[EventType "swiss"]
[EventRounds "9"]
[EventCountry "POL"]
[SourceTitle "EXT 2023"]
[Source "ChessBase"]
[SourceDate "2022.10.05"]
[SourceVersion "1"]
[SourceVersionDate "2022.10.05"]
[SourceQuality "1"]

1. e4 Nf6 2. Nc3 e6 3. d4 d5 4. e5 Nfd7 5. Nce2 c5 6. f4 cxd4 7. Nxd4 Nc6 8. Ngf3 Bc5 9. c3 0-0 10. Bd3 g6 11. Be3 Nxd4 12. Bxd4 Bxd4 13. Nxd4 Nc5 14. 0-0 Nxd3 15. Qxd3 Bd7 16. Qg3 Qb6 17. Rf2 f5 18. exf6 Rxf6 19. Qg5 Raf8 20. Re1 Kg7 21. Qe5 h5 22. h3 Qd8 23. g4 Kh7 24. gxh5 gxh5 25. Rg2 Qe8 26. Kh2 Qb8 27. Qxb8 Rxb8 28. Reg1 Kh6 29. Rg7 Bc6 30. f5 exf5 31. Nxf5+ 1-0

[Event "Klementowice Gr-A 3rd"]
[Site "Klementowice"]
[Date "2012.08.20"]
[Round "5.5"]
[White "Jajte Pachota, Maciej"]
[Black "Molenda, Marcin"]
[Result "1/2-1/2"]
[WhiteElo "1807"]
[BlackElo "1820"]
[PlyCount "77"]
[EventDate "2012.08.17"]
[EventType "swiss"]
[EventRounds "9"]
[EventCountry "POL"]
[SourceTitle "EXT 2023"]
[Source "ChessBase"]
[SourceDate "2022.10.05"]
[SourceVersion "1"]
[SourceVersionDate "2022.10.05"]
[SourceQuality "1"]

1. g3 d5 2. Bg2 g6 3. c4 c6 4. cxd5 cxd5 5. d4 Bg7 6. Nc3 e6 7. Nf3 Ne7 8. Bg5 Nbc6 9. Qd2 0-0 10. 0-0 Qb6 11. Na4 Qb5 12. Nc5 Nf5 13. e3 h6 14. Bf4 e5 15. a4 Qb6 16. a5 Qb5 17. g4 exf4 18. gxf5 Bxf5 19. Nh4 Be4 20. Nxe4 dxe4 21. Bxe4 Qg5+ 22. Ng2 fxe3 23. fxe3 Nxd4 24. h4 Nb3 25. Qb4 Qe5 26. Rad1 Nc5 27. Bd5 Rac8 28. Qg4 Rcd8 29. Bxf7+ Kh8 30. Bxg6 Rxd1 31. Rxd1 Qxb2 32. Bf5 Qf6 33. e4 Rd8 34. Rf1 Nd3 35. Qg3 Qd4+ 36. Kh1 Be5 37. Qf3 Qd6 38. Ne3 Qf6 39. Ng2 1/2-1/2

[Event "Klementowice Gr-A 3rd"]
[Site "Klementowice"]
[Date "2012.08.18"]
[Round "2.2"]
[White "Jajte Pachota, Maciej"]
[Black "Milkowska, Ernesta"]
[Result "1-0"]
[WhiteElo "1807"]
[BlackElo "1862"]
[PlyCount "77"]
[EventDate "2012.08.17"]
[EventType "swiss"]
[EventRounds "9"]
[EventCountry "POL"]
[SourceTitle "EXT 2023"]
[Source "ChessBase"]
[SourceDate "2022.10.05"]
[SourceVersion "1"]
[SourceVersionDate "2022.10.05"]
[SourceQuality "1"]

1. Nf3 c5 2. c4 g6 3. g3 Bg7 4. Bg2 Nc6 5. 0-0 e6 6. d3 Nge7 7. Nc3 0-0 8. e4 d6 9. Be3 e5 10. Nd2 Rb8 11. f4 f6 12. h3 a6 13. a4 Bd7 14. g4 Qc8 15. Nd5 Nxd5 16. cxd5 Ne7 17. Nc4 Qc7 18. Bd2 b6 19. Qc2 Nc8 20. fxe5 fxe5 21. Rxf8+ Bxf8 22. Rf1 b5 23. axb5 axb5 24. Bg5 Be8 25. Qf2 Bg7 26. Ne3 Nb6 27. Bf6 h6 28. g5 h5 29. h4 Qf7 30. Qg3 Qc7 31. Bh3 Rb7 32. Qf3 Na4 33. Be6+ Kh7 34. b3 Nc3 35. Bxg7 Qxg7 36. Qf8 Re7 37. Qf3 Bd7 38. Nf5 gxf5 39. Qxh5+ 1-0

[Event "POL-chT U19 43th"]
[Site "Suchedniow"]
[Date "2012.07.??"]
[Round "7"]
[White "Weichhold, Pawel"]
[Black "Jajte Pachota, Maciej"]
[Result "1-0"]
[WhiteElo "2321"]
[BlackElo "1759"]
[PlyCount "120"]
[EventDate "2012.07.21"]
[EventType "team-tourn"]
[EventRounds "9"]
[EventCountry "POL"]
[SourceTitle "EXT 2014"]
[Source "ChessBase"]
[SourceDate "2013.11.20"]
[SourceVersion "1"]
[SourceVersionDate "2013.11.20"]
[SourceQuality "1"]
[WhiteTeam "Koszalin Hetman Politechnika U19"]
[BlackTeam "Krakow KKSz 1893 U19"]
[WhiteTeamCountry "POL"]
[BlackTeamCountry "POL"]

1. e4 c6 2. Nc3 d5 3. Nf3 Bg4 4. h3 Bxf3 5. Qxf3 e6 6. a3 Nd7 7. d3 Bc5 8. g3 Ne7 9. Bg2 d4 10. Nd1 0-0 11. 0-0 h6 12. Qe2 Qc7 13. f4 Rae8 14. Bd2 f5 15. Nf2 Nf6 16. Rae1 a5 17. g4 Ng6 18. Qf3 fxe4 19. Nxe4 Bd6 20. Bxa5 Qd7 21. Nxd6 Qxd6 22. Bb4 c5 23. Bd2 Nd5 24. f5 Nh4 25. Qf2 Nxg2 26. Qxg2 exf5 27. Rxe8 Rxe8 28. Rxf5 Ne3 29. Bxe3 dxe3 30. Kf1 Re5 31. Rxe5 Qxe5 32. c3 c4 33. dxc4 Qf4+ 34. Ke2 Qxc4+ 35. Kxe3 Qb5 36. Kd4 Qb6+ 37. Kd3 Qb3 38. Kd4 Qb6+ 39. Kc4 Kh8 40. b4 Qe6+ 41. Qd5 b5+ 42. Kc5 Qa6 43. Qd8+ Kh7 44. Qd4 Kh8 45. h4 Kh7 46. Qd3+ Kh8 47. Qd8+ Kh7 48. Qd4 Kh8 49. g5 hxg5 50. hxg5 Kh7 51. Qe4+ g6 52. Qe7+ Kg8 53. Qe8+ Kg7 54. Qxb5 Qxa3 55. Qd7+ Kf8 56. Qd8+ Kg7 57. Qe7+ Kg8 58. Kb6 Qb3 59. b5 Qd5 60. c4 Qxc4 1-0

[Event "Krakow Four Seasons"]
[Site "Krakow"]
[Date "2012.01.27"]
[Round "3.4"]
[White "Madej, Roman"]
[Black "Jajte Pachota, Maciej"]
[Result "0-1"]
[WhiteElo "1608"]
[BlackElo "1765"]
[PlyCount "66"]
[EventDate "2012.01.27"]
[EventType "swiss"]
[EventRounds "5"]
[EventCountry "POL"]
[SourceTitle "EXT 2023"]
[Source "ChessBase"]
[SourceDate "2022.10.05"]
[SourceVersion "1"]
[SourceVersionDate "2022.10.05"]
[SourceQuality "1"]

1. d4 c5 2. d5 Nf6 3. c4 b5 4. cxb5 a6 5. bxa6 Bxa6 6. Nc3 g6 7. g3 d6 8. Bg2 Bg7 9. Nf3 0-0 10. 0-0 Nbd7 11. h3 Qc7 12. Re1 Nb6 13. e4 Rfb8 14. Qc2 Nfd7 15. Bf4 Nc4 16. Rab1 Qa5 17. a3 Nxb2 18. Rxb2 Rxb2 19. Qxb2 Bxc3 20. Bd2 Bxb2 21. Bxa5 Bd3 22. Bd2 Rxa3 23. Re3 c4 24. Ne1 Bd4 25. Rf3 Ne5 26. Rxd3 Nxd3 27. Nxd3 Rxd3 28. Bf4 c3 29. Bf1 Rd1 30. Kg2 c2 31. Be2 Re1 32. Bd3 c1Q 33. Bxc1 Rxc1 0-1

[Event "Krakow op-C 22nd"]
[Site "Krakow"]
[Date "2012.01.03"]
[Round "8"]
[White "Jajte Pachota, Maciej"]
[Black "Kyc, Jerzy"]
[Result "1/2-1/2"]
[WhiteElo "1766"]
[BlackElo "1677"]
[PlyCount "21"]
[EventDate "2011.12.27"]
[EventType "swiss"]
[EventRounds "9"]
[EventCountry "POL"]
[SourceTitle "CBM 146 Extra"]
[Source "ChessBase"]
[SourceDate "2012.02.29"]
[SourceVersion "1"]
[SourceVersionDate "2012.02.29"]
[SourceQuality "1"]

1. c4 Nf6 2. Nc3 e5 3. g3 d5 4. cxd5 Nxd5 5. Bg2 Nxc3 6. bxc3 Bc5 7. Nf3 Nd7 8. 0-0 Rb8 9. e4 a6 10. a4 Nf8 11. Re1 1/2-1/2

[Event "Klementowice op 2nd"]
[Site "Klementowice"]
[Date "2011.08.14"]
[Round "1"]
[White "Gunajew, Rafal"]
[Black "Jajte Pachota, Maciej"]
[Result "0-1"]
[WhiteElo "2258"]
[BlackElo "1712"]
[PlyCount "58"]
[EventDate "2011.08.14"]
[EventType "swiss"]
[EventRounds "9"]
[EventCountry "POL"]
[SourceTitle "CBM 144 Extra"]
[Source "ChessBase"]
[SourceDate "2011.10.28"]
[SourceVersion "1"]
[SourceVersionDate "2011.10.28"]
[SourceQuality "1"]

1. e4 d6 2. d4 Nc6 3. d5 Ne5 4. f4 Ng6 5. Nf3 Nf6 6. Bd3 c6 7. c4 Bd7 8. Nc3 e6 9. Qe2 exd5 10. exd5+ Qe7 11. dxc6 bxc6 12. 0-0 Qxe2 13. Bxe2 0-0-0 14. Ng5 Be8 15. Bf3 d5 16. cxd5 Bc5+ 17. Kh1 cxd5 18. Bd2 h6 19. Nh3 Nh4 20. Rac1 Nxf3 21. Rxf3 Kb7 22. Nf2 Bb6 23. Nd3 d4 24. Nd1 Bc6 25. Rxc6 Kxc6 26. Ne5+ Kd5 27. Nxf7 Ne4 28. Nxd8 Nxd2 29. Rd3 Re8 0-1

[Event "World School-ch U15 7th"]
[Site "Krakow"]
[Date "2011.05.06"]
[Round "7"]
[White "Budzinski, Jan"]
[Black "Jajte Pachota, Maciej"]
[Result "1-0"]
[WhiteElo "1946"]
[BlackElo "1685"]
[PlyCount "55"]
[EventDate "2011.04.30"]
[EventType "swiss"]
[EventRounds "9"]
[EventCountry "POL"]
[SourceTitle "CBM 142 Extra"]
[Source "ChessBase"]
[SourceDate "2011.06.27"]
[SourceVersion "1"]
[SourceVersionDate "2011.06.27"]
[SourceQuality "1"]

1. e4 e5 2. Nf3 Nc6 3. Bb5 a6 4. Ba4 Bc5 5. c3 Nf6 6. 0-0 b5 7. Bc2 d6 8. d4 Bb6 9. h3 h6 10. Be3 exd4 11. cxd4 0-0 12. Nbd2 Rb8 13. Re1 Re8 14. d5 Bxe3 15. Rxe3 Ne5 16. Nd4 Bd7 17. f4 Nc4 18. Nxc4 bxc4 19. Qf3 Nh7 20. e5 dxe5 21. fxe5 Ng5 22. Qf4 c5 23. dxc6 Bc8 24. e6 Rxb2 25. c7 Qe7 26. exf7+ Qxf7 27. Qxf7+ Kxf7 28. Rf1+ 1-0

[Event "POL-chT U19 1st League"]
[Site "Ustron"]
[Date "2011.??.??"]
[Round "1.10"]
[White "Jajte Pachota, Maciej"]
[Black "Mockun, Dawid"]
[Result "1-0"]
[WhiteElo "1685"]
[BlackElo "1688"]
[PlyCount "81"]
[EventDate "2011.06.24"]
[EventType "team-tourn"]
[EventRounds "9"]
[EventCountry "POL"]
[SourceTitle "EXT 2015"]
[Source "ChessBase"]
[SourceDate "2014.11.20"]
[SourceVersion "1"]
[SourceVersionDate "2014.11.20"]
[SourceQuality "1"]
[WhiteTeam "Krakow KKSz 1893"]
[BlackTeam "Suwalki Hancza U19"]
[WhiteTeamCountry "POL"]
[BlackTeamCountry "POL"]

1. e4 c6 2. d4 d5 3. Nc3 dxe4 4. Nxe4 Bf5 5. Nc5 b6 6. Nb3 e6 7. Nf3 Qc7 8. g3 Nf6 9. Bg2 Nd5 10. 0-0 Be7 11. a3 0-0 12. c4 Nf6 13. Ne5 Nfd7 14. Re1 Nxe5 15. dxe5 Nd7 16. Nd4 Nb8 17. Nxf5 exf5 18. Qf3 g6 19. b4 a6 20. Bf4 Qc8 21. b5 axb5 22. cxb5 Ra5 23. bxc6 Na6 24. Reb1 Bc5 25. Be3 Qc7 26. Bd2 Ra4 27. Qb3 Rd4 28. Be3 Qxe5 29. Bxd4 Bxd4 30. Re1 Qf6 31. Rad1 Nc5 32. Qd5 Bc3 33. Re3 Ne6 34. Qd7 Be5 35. Rd5 Bb8 36. h3 f4 37. Red3 fxg3 38. fxg3 Bc7 39. Rd6 Bxd6 40. Rxd6 Rd8 41. Qxd8+ 1-0

[Event "POL-chT U19 1st League"]
[Site "Ustron"]
[Date "2011.??.??"]
[Round "3.16"]
[White "Jajte Pachota, Maciej"]
[Black "Szostko, Jakub"]
[Result "1-0"]
[WhiteElo "1685"]
[BlackElo "1610"]
[PlyCount "105"]
[EventDate "2011.06.24"]
[EventType "team-tourn"]
[EventRounds "9"]
[EventCountry "POL"]
[SourceTitle "EXT 2015"]
[Source "ChessBase"]
[SourceDate "2014.11.20"]
[SourceVersion "1"]
[SourceVersionDate "2014.11.20"]
[SourceQuality "1"]
[WhiteTeam "Krakow KKSz 1893"]
[BlackTeam "Bialystok MUKS Stoczek 45 U19"]
[WhiteTeamCountry "POL"]
[BlackTeamCountry "POL"]

1. Nf3 d5 2. g3 Nf6 3. Bg2 Bf5 4. 0-0 e6 5. c4 Be7 6. d4 0-0 7. Nc3 c6 8. Qb3 Qb6 9. Qxb6 axb6 10. Ne5 Bd6 11. Re1 Rd8 12. cxd5 exd5 13. h3 h5 14. Bg5 Be7 15. g4 hxg4 16. hxg4 Be6 17. f4 Re8 18. f5 Bc8 19. e4 dxe4 20. Nxe4 Nxe4 21. Bxe7 Rxe7 22. Rxe4 Na6 23. Rae1 Nc7 24. Nc4 Rxe4 25. Rxe4 g6 26. Nxb6 Rb8 27. Re7 Nd5 28. Bxd5 cxd5 29. Re8+ Kg7 30. Rxc8 Rxc8 31. Nxc8 gxf5 32. gxf5 Kf6 33. Nd6 b6 34. Kf2 b5 35. Kf3 b4 36. a3 bxa3 37. bxa3 Ke7 38. Nxf7 Kxf7 39. Kf4 Kf6 40. a4 Ke7 41. Ke5 Kd7 42. f6 Ke8 43. Ke6 Kf8 44. a5 Ke8 45. a6 Kf8 46. a7 Kg8 47. a8R+ Kh7 48. f7 Kh6 49. f8Q+ Kg5 50. Qf5+ Kh4 51. Rh8+ Kg3 52. Rg8+ Kh2 53. Qh5# 1-0

[Event "POL-chT U19 1st League"]
[Site "Ustron"]
[Date "2011.??.??"]
[Round "4.16"]
[White "Kyc, Jerzy"]
[Black "Jajte Pachota, Maciej"]
[Result "0-1"]
[WhiteElo "1628"]
[BlackElo "1685"]
[PlyCount "87"]
[EventDate "2011.06.24"]
[EventType "team-tourn"]
[EventRounds "9"]
[EventCountry "POL"]
[SourceTitle "EXT 2015"]
[Source "ChessBase"]
[SourceDate "2014.11.20"]
[SourceVersion "1"]
[SourceVersionDate "2014.11.20"]
[SourceQuality "1"]
[WhiteTeam "Wieliczka MKS MOS U19"]
[BlackTeam "Krakow KKSz 1893"]
[WhiteTeamCountry "POL"]
[BlackTeamCountry "POL"]

1. e4 e5 2. Nf3 d6 3. d4 exd4 4. Nxd4 g6 5. Be3 Bg7 6. Nc3 Nf6 7. f3 0-0 8. Qd2 Re8 9. Bc4 Nc6 10. 0-0-0 a6 11. g4 Ne5 12. Be2 b5 13. g5 Nh5 14. Rdg1 c5 15. Nb3 Nc4 16. Bxc4 bxc4 17. Na1 Rb8 18. Nd1 Rxb2 19. Nxb2 c3 20. Qd3 cxb2+ 21. Kd2 bxa1Q 22. Rxa1 Bxa1 23. Rxa1 Qb6 24. Rd1 d5 25. exd5 Qb4+ 26. Kc1 Bf5 27. Qe2 Rb8 28. d6 c4 29. Rd4 Qb1+ 30. Kd2 Qxc2+ 31. Ke1 Qc3+ 32. Kf2 Bd3 33. d7 Qxd4 34. Bxd4 Bxe2 35. Bb6 Bd3 36. Bc7 Ra8 37. d8Q+ Rxd8 38. Bxd8 c3 39. Ke3 c2 40. Kd2 Nf4 41. Bc7 Ne2 42. Kxd3 c1Q 43. Kxe2 Qxc7 44. Kf2 0-1

[Event "POL-chT U19 1st League"]
[Site "Ustron"]
[Date "2011.??.??"]
[Round "9.28"]
[White "Wacior, Maciej"]
[Black "Jajte Pachota, Maciej"]
[Result "0-1"]
[WhiteElo "1668"]
[BlackElo "1685"]
[PlyCount "110"]
[EventDate "2011.06.24"]
[EventType "team-tourn"]
[EventRounds "9"]
[EventCountry "POL"]
[SourceTitle "EXT 2015"]
[Source "ChessBase"]
[SourceDate "2014.11.20"]
[SourceVersion "1"]
[SourceVersionDate "2014.11.20"]
[SourceQuality "1"]
[WhiteTeam "Grzybowo GKSz Solny U19"]
[BlackTeam "Krakow KKSz 1893"]
[WhiteTeamCountry "POL"]
[BlackTeamCountry "POL"]

1. d4 Nf6 2. Nf3 e6 3. Bf4 d5 4. e3 c5 5. Bb5+ Bd7 6. Bxd7+ Nbxd7 7. c3 Qb6 8. Qc2 Bd6 9. Bxd6 Qxd6 10. Nbd2 0-0 11. 0-0 cxd4 12. exd4 b5 13. a3 a5 14. b4 Nb6 15. Qd3 axb4 16. axb4 Nc4 17. Rfb1 Rfc8 18. Nb3 Ne4 19. Nfd2 f5 20. f3 Rxa1 21. Rxa1 Ncxd2 22. Nxd2 Nxc3 23. Qe3 Na4 24. Qe2 Nc3 25. Qe3 f4 26. Qe1 Kf7 27. Kh1 Na4 28. Nb3 Rc4 29. Nc5 Rxd4 30. Nxa4 bxa4 31. Rxa4 Qe5 32. Ra7+ Kg6 33. Qb1+ Qf5 34. Qa1 Qd3 35. h3 Qd1+ 36. Qxd1 Rxd1+ 37. Kh2 Rb1 38. Rb7 e5 39. Rd7 d4 40. Rd5 Kf6 41. Rd6+ Ke7 42. Rd5 Ke6 43. Rd8 Rxb4 44. Re8+ Kf6 45. Rf8+ Ke7 46. Rf5 Rb5 47. Kg1 g6 48. Rg5 Kf6 49. h4 h6 50. Rg4 Kf5 51. Kf2 Rb2+ 52. Ke1 e4 53. Kd1 e3 54. Ke1 d3 55. g3 Rb1# 0-1

[Event "POL-ch U14"]
[Site "Sekocin Stary"]
[Date "2010.05.06"]
[Round "9"]
[White "Czerw, Dawid"]
[Black "Jajte Pachota, Maciej"]
[Result "1-0"]
[WhiteElo "1709"]
[BlackElo "1685"]
[PlyCount "141"]
[EventDate "2010.05.01"]
[EventType "swiss"]
[EventRounds "10"]
[EventCountry "POL"]
[SourceTitle "EXT 2011"]
[Source "ChessBase"]
[SourceDate "2010.11.26"]
[SourceVersion "1"]
[SourceVersionDate "2010.11.26"]
[SourceQuality "1"]

1. d4 Nf6 2. c4 c5 3. d5 b5 4. cxb5 a6 5. bxa6 Bxa6 6. Nc3 d6 7. g3 g6 8. Bg2 Bg7 9. Nf3 0-0 10. 0-0 Nbd7 11. Rb1 Ng4 12. Bd2 Nb6 13. Ne1 Ne5 14. b3 f5 15. Nf3 Nxf3+ 16. Bxf3 Bb7 17. a4 Qd7 18. b4 Nc4 19. bxc5 dxc5 20. Be1 Rab8 21. Nb5 Rfd8 22. Qb3 Bxd5 23. Rd1 e6 24. e4 Nd2 25. Qa3 Nxf3+ 26. Qxf3 fxe4 27. Qe3 Rdc8 28. Bc3 Qf7 29. Nd6 Qa7 30. Nxc8 Rxc8 31. Bxg7 Qxg7 32. Rc1 c4 33. Qc3 Ra8 34. Qxg7+ Kxg7 35. Ra1 Ra5 36. Rfb1 Kf6 37. Kf1 Ke5 38. Ke2 Kd4 39. Kd2 c3+ 40. Kc2 Kc4 41. Ra3 Kd4 42. Rd1+ Ke5 43. Kxc3 Kf5 44. Rd2 Kg4 45. h4 e3 46. fxe3 Kxg3 47. Kb4 Ra8 48. e4+ Kxh4 49. exd5 exd5 50. Rxd5 g5 51. a5 g4 52. a6 g3 53. a7 h5 54. Rdd3 g2 55. Rh3+ Kg4 56. Rhg3+ Kh4 57. Rxg2 Rb8+ 58. Kc3 Rc8+ 59. Kd2 Rd8+ 60. Ke2 Re8+ 61. Re3 Rd8 62. Re4+ Kh3 63. Rg5 Rh8 64. Rxh5+ Rxh5 65. a8Q Rg5 66. Re3+ Kh2 67. Qf3 Rg2+ 68. Qxg2+ Kxg2 69. Rf3 Kh1 70. Kf2 Kh2 71. Re3 1-0

[Event "POL-ch U14"]
[Site "Sekocin Stary"]
[Date "2010.05.04"]
[Round "6"]
[White "Mirski, Michal"]
[Black "Jajte Pachota, Maciej"]
[Result "1-0"]
[WhiteElo "1710"]
[BlackElo "1685"]
[PlyCount "63"]
[EventDate "2010.05.01"]
[EventType "swiss"]
[EventRounds "10"]
[EventCountry "POL"]
[SourceTitle "EXT 2011"]
[Source "ChessBase"]
[SourceDate "2010.11.26"]
[SourceVersion "1"]
[SourceVersionDate "2010.11.26"]
[SourceQuality "1"]

1. e4 c6 2. d4 d5 3. Nd2 dxe4 4. Nxe4 Bf5 5. Ng3 Bg6 6. h4 h6 7. Nf3 Nf6 8. Bd3 Bxd3 9. Qxd3 e6 10. Bf4 Bd6 11. Bxd6 Qxd6 12. 0-0 Nbd7 13. Rfe1 Ng4 14. Ne4 Qe7 15. Qa3 c5 16. Nxc5 Nxc5 17. Qxc5 Qxc5 18. dxc5 0-0-0 19. Re4 Nf6 20. Re2 Rd5 21. Ne5 Rf8 22. Nd3 Nd7 23. b4 Kc7 24. Rae1 Kc6 25. Re4 Kb5 26. c4+ Ka4 27. cxd5 exd5 28. Rd4 Nf6 29. Rb1 Ne4 30. b5+ Ka5 31. Rdb4 Nc3 32. R1b3 1-0